[Event "Dundee & Angus Challengers"]
[Site "?"]
[Date "2009.10.17"]
[Round "2"]
[White "Jacob, Barbara"]
[Black "Allor, Anthony"]
[Result "0-1"]
[WhiteElo "1562"]
[BlackElo "1800"]
[Annotator ",Raymond"]
[PlyCount "48"]

{32MB, Fritz9.ctg, CASTLEHILL} 1. e4 1... c5 2. d4 cxd4 3. c3 Nf6 4. e5 Nd5 5.
cxd4 d6 6. Nf3 Nc6 7. Bc4 e6 8. Bxd5 exd5 9. O-O dxe5 10. dxe5 Be7 11. h3 O-O
12. Nc3 Be6 13. Nb5 Qb6 14. Nbd4 a5 15. Be3 Qxb2 16. Rb1 Qxa2 17. Rxb7 Nxd4 18.
Qxd4 Bb4 19. Qh4 Qc2 20. Rc1 Qe4 21. Qg3 Qg6 22. Qh4 Rfc8 23. Rcc7 Rxc7 24.
Rxc7 Qe4 0-1

[Event "Dundee & Angus Challengers"]
[Site "?"]
[Date "2009.10.17"]
[Round "2"]
[White "Hall, David"]
[Black "Shafi, Paul"]
[Result "1-0"]
[WhiteElo "1761"]
[BlackElo "1508"]
[Annotator ",Raymond"]
[PlyCount "59"]

{32MB, Fritz9.ctg, CASTLEHILL} 1. d4 1... c5 2. d5 g6 3. c4 Bg7 4. Nc3 d6 5. e4
Nf6 6. f4 Nbd7 7. Nf3 O-O 8. Bd3 Ne8 9. O-O e5 10. f5 Ndf6 11. Bg5 a6 12. a4
Bd7 13. Qc2 Rb8 14. Nd2 Nc7 15. Kh1 b5 16. cxb5 axb5 17. axb5 Bxb5 18. Bxb5
Nxb5 19. Nxb5 Rxb5 20. Nc4 Qb8 21. Ra6 Ne8 22. f6 Bh8 23. Bh6 Bxf6 24. Bxf8
Kxf8 25. Rfa1 Be7 26. Qd2 Rb4 27. Qh6+ Kg8 28. Ra8 Bf8 29. Rxb8 Bxh6 30. Rxe8+
1-0

[Event "Dundee & Angus Challengers"]
[Site "?"]
[Date "2009.10.17"]
[Round "2"]
[White "Smith, John S"]
[Black "Gillespie, David"]
[Result "1-0"]
[WhiteElo "1678"]
[BlackElo "1596"]
[Annotator ",Raymond"]
[PlyCount "75"]

{32MB, Fritz9.ctg, CASTLEHILL} 1. e4 1... d5 2. exd5 Qxd5 3. Nc3 Qa5 4. d4 Nf6
5. Bd3 c6 6. Nf3 Bg4 7. O-O e6 8. Bf4 Be7 9. h3 Bxf3 10. Qxf3 Qb4 11. Nb5 Nd5
12. c3 Qa5 13. Nd6+ Bxd6 14. Bxd6 Nd7 15. Qg3 g6 16. Qh4 Qd8 17. Qh6 Qf6 18.
Rfe1 O-O-O 19. a4 Ne7 20. g4 Nd5 21. Be4 g5 22. Qxf6 N5xf6 23. Bf3 Rde8 24. a5
a6 25. c4 h5 26. b4 hxg4 27. hxg4 Rh4 28. Bg3 Rh3 29. b5 Nb8 30. Rac1 Kd7 31.
Kg2 Rh6 32. Rb1 Rhh8 33. Be5 Rh6 34. bxa6 Nxa6 35. Rxb7+ Kc8 36. Rxf7 Nd7 37.
Bxc6 Nxe5 38. Rxe5 1-0

[Event "Dundee & Angus Challengers"]
[Site "?"]
[Date "2009.10.17"]
[Round "2"]
[White "McHarg, Andrew"]
[Black "Gillespie, David"]
[Result "1-0"]
[WhiteElo "1586"]
[BlackElo "1596"]
[Annotator ",Raymond"]
[PlyCount "77"]

{32MB, Fritz9.ctg, CASTLEHILL} 1. d4 1... g6 2. e4 Bg7 3. Nf3 d6 4. Bc4 {
[%emt 0:00:00]} 4... Nf6 {[%emt 0:00:00]} 5. Nc3 O-O 6. O-O Bg4 7. h3 Bxf3 8.
Qxf3 Nc6 9. Be3 e6 10. Rad1 Qe7 11. Rfe1 a6 12. Bb3 Rab8 13. d5 Na5 14. Bg5 h6
15. Bh4 Nxb3 16. cxb3 g5 17. Bg3 e5 18. Rc1 Qd7 19. Qd3 Nh5 20. Bh2 f5 21. exf5
Rxf5 22. g4 Rf7 23. gxh5 Rbf8 24. Ne4 Rf3 25. Qf1 Rxh3 26. Rxc7 Qg4+ 27. Qg2
Qxh5 28. Rxb7 Rhf3 29. Rb6 Rd3 30. Rxd6 Rd1 31. Rxd1 Qxd1+ 32. Qf1 Qg4+ 33. Ng3
h5 34. Qg2 Qd1+ 35. Qf1 Qf3 36. Qe2 Qf7 37. Rxa6 h4 38. Ne4 Qxd5 39. Qc4 1-0

[Event "Dundee & Angus Challengers"]
[Site "?"]
[Date "2009.10.17"]
[Round "2"]
[White "McBride, John"]
[Black "Stewart, David"]
[Result "1-0"]
[WhiteElo "1769"]
[BlackElo "1620"]
[Annotator ",Raymond"]
[PlyCount "77"]

{32MB, Fritz9.ctg, CASTLEHILL} 1. d4 1... Nf6 2. Nf3 e6 3. c4 b6 4. e3 Bb7 5.
Bd3 c5 6. Nbd2 cxd4 7. exd4 Be7 8. b3 O-O 9. O-O d5 10. Bb2 Nc6 11. a3 Rc8 12.
Rc1 dxc4 13. Nxc4 Qd5 14. Bb1 Rfd8 15. Qd3 Qh5 16. Rfe1 Nd5 17. Nfe5 Bf6 18.
Qg3 Qg5 19. Nxc6 Qxg3 20. hxg3 Rxc6 21. Ne5 Rxc1 22. Rxc1 Rc8 23. Re1 Nc3 24.
Bd3 Nd5 25. Bc4 h6 26. Ng4 Be7 27. Ne3 Rd8 28. Rc1 Bg5 29. Bxd5 Bxe3 30. Bxb7
Bxc1 31. Bxc1 Rxd4 32. Bf3 Rd3 33. b4 Kf8 34. Kf1 Rc3 35. Bf4 Rxa3 36. b5 Rb3
37. Bc6 f6 38. Bb8 Ra3 39. Bd6+ 1-0

[Event "Dundee & Angus Challengers"]
[Site "?"]
[Date "2009.10.17"]
[Round "3"]
[White "Goral, Alex"]
[Black "Adam, Michael"]
[Result "1-0"]
[WhiteElo "1786"]
[BlackElo "1618"]
[Annotator ",Raymond"]
[PlyCount "21"]

{32MB, Fritz9.ctg, CASTLEHILL} 1. e4 1... c6 2. d4 d5 3. e5 Bf5 4. h4 h6 5. g4
Bh7 6. e6 fxe6 7. Bd3 Bxd3 8. Qxd3 Qd6 9. Qg6+ Kd7 10. Nf3 Kc7 11. Ne5 1-0

[Event "Dundee & Angus Challengers"]
[Site "?"]
[Date "2009.10.17"]
[Round "3"]
[White "Allor, Anthony"]
[Black "Smith, John S R"]
[Result "1-0"]
[WhiteElo "1800"]
[BlackElo "1678"]
[Annotator ",Raymond"]
[PlyCount "43"]

{32MB, Fritz9.ctg, CASTLEHILL} 1. e4 1... c5 2. Nf3 d6 3. d4 cxd4 4. Nxd4 Nf6
5. Nc3 a6 6. Be3 Ng4 7. Bg5 h6 8. Bh4 g5 9. Bg3 Bg7 10. h3 Nf6 11. Qe2 e5 12.
Nf5 Bxf5 13. exf5 Nc6 14. O-O-O Qe7 15. Ne4 O-O-O 16. Nxf6 Qxf6 17. Qe4 Nd4 18.
Qd5 Kb8 19. Qa5 Qxf5 20. Rxd4 Rc8 21. Bd3 Qe6 22. Rb4 1-0

[Event "Dundee & Angus Challengers"]
[Site "?"]
[Date "2009.10.17"]
[Round "3"]
[White "Roy Bappa"]
[Black "McBride, John"]
[Result "1/2-1/2"]
[WhiteElo "1657"]
[BlackElo "1769"]
[Annotator ",Raymond"]
[PlyCount "33"]

{32MB, Fritz9.ctg, CASTLEHILL} 1. e4 1... e6 2. d4 d5 3. Nd2 dxe4 4. Nxe4 Bd7
5. Nf3 Bc6 6. Bd3 Nd7 7. Be3 Ngf6 8. Nxf6+ Nxf6 9. h3 Bd6 10. c3 Nd5 11. Bg5 f6
12. Bd2 Nf4 13. Bxf4 Bxf4 14. Qe2 Qd6 15. Be4 O-O-O 16. Bxc6 Qxc6 17. O-O
1/2-1/2

[Event "Dundee & Angus Challengers"]
[Site "?"]
[Date "2009.10.17"]
[Round "3"]
[White "Edwards, Colin"]
[Black "McHarg, Andrew"]
[Result "1/2-1/2"]
[WhiteElo "1658"]
[BlackElo "1586"]
[Annotator ",Raymond"]
[PlyCount "78"]

{32MB, Fritz9.ctg, CASTLEHILL} 1. d4 1... d5 2. c4 e6 3. Nf3 Nf6 4. Bg5 Be7 5.
Nc3 O-O 6. e3 c6 7. Qc2 Nbd7 8. cxd5 exd5 9. Bd3 h6 10. Bh4 Re8 11. O-O Nh5 12.
Bxe7 Qxe7 13. Rfe1 Nhf6 14. e4 dxe4 15. Bxe4 Qf8 16. Re2 Nb6 17. Nd2 Be6 18.
Rae1 Rad8 19. Qd3 Qd6 20. Bf5 Bxf5 21. Rxe8+ Rxe8 22. Rxe8+ Nxe8 23. Qxf5 Qxd4
24. Nf3 Qb4 25. Qc2 Nf6 26. h3 Qc5 27. Qe2 Nbd5 28. Nxd5 Qxd5 29. a3 a5 30. Qe5
Qxe5 31. Nxe5 Nd5 32. Kf1 Kf8 33. Ke2 Ke7 34. g3 f6 35. Nc4 a4 36. Na5 b5 37.
Nxc6+ Kd6 38. Nd4 Kc5 39. Kd3 Nc7 1/2-1/2

[Event "Dundee & Angus Challengers"]
[Site "?"]
[Date "2009.10.17"]
[Round "3"]
[White "Stevenson, Frank"]
[Black "Shafi, Paul"]
[Result "1-0"]
[WhiteElo "1663"]
[BlackElo "1508"]
[Annotator ",Raymond"]
[PlyCount "60"]

{32MB, Fritz9.ctg, CASTLEHILL} 1. d4 1... c5 2. Nf3 cxd4 3. Nxd4 Nc6 4. e4 Nf6
5. Nc3 g6 6. Be3 Bg7 7. f3 d6 8. Bc4 O-O 9. Qd2 Bd7 10. O-O-O Nxd4 11. Bxd4 Qc8
12. Bb3 Be6 13. g4 Bxb3 14. axb3 Qc7 15. h4 Nd7 16. Nd5 Qd8 17. h5 Bxd4 18.
Qxd4 e5 19. Qd2 Nf6 20. hxg6 fxg6 21. Rh3 Rc8 22. Rdh1 Rf7 23. Qh2 h5 24. gxh5
Nxh5 25. Rxh5 gxh5 26. Qxh5 Rg7 27. Qf5 Qf8 28. Qe6+ Rf7 29. Nf6+ Kg7 30. Rh7+
Kg6 1-0

[Event "Dundee & Angus Challengers"]
[Site "?"]
[Date "2009.10.17"]
[Round "3"]
[White "Wilman, John"]
[Black "Chapman, Nigel"]
[Result "0-1"]
[WhiteElo "1647"]
[BlackElo "1657"]
[Annotator ",Raymond"]
[PlyCount "80"]

{32MB, Fritz9.ctg, CASTLEHILL} 1. e4 1... d5 2. d4 dxe4 3. Nc3 Nf6 4. f3 exf3
5. Qxf3 c6 6. Be3 g6 7. Bc4 Bg7 8. Nge2 O-O 9. O-O-O Bg4 10. Qf2 b5 11. Bb3 a5
12. a4 b4 13. Na2 Nd5 14. h3 Bxe2 15. Qxe2 Nxe3 16. Qxe3 e6 17. Kb1 Qc7 18. h4
h6 19. Nc1 Nd7 20. Bxe6 fxe6 21. Qxe6+ Kh7 22. h5 Rf6 23. hxg6+ Rxg6 24. Qe4
Nf6 25. Qe2 Re8 26. Qc4 Nd5 27. Rde1 Rge6 28. Ref1 Rf6 29. g4 Rxf1 30. Qd3+ Kg8
31. Rxf1 Rf8 32. Re1 Qf7 33. Qa6 Qf2 34. Nd3 Qxd4 35. Qxc6 b3 36. Qe6+ Kh8 37.
Rh1 bxc2+ 38. Kxc2 Nb4+ 39. Nxb4 Qxb2+ 40. Kd3 Qd4+ 0-1

[Event "Dundee & Angus Challengers"]
[Site "?"]
[Date "2009.10.18"]
[Round "3"]
[White "Adam, Michael"]
[Black "Wilman, John"]
[Result "0-1"]
[WhiteElo "1618"]
[BlackElo "1647"]
[Annotator ",Raymond"]
[PlyCount "140"]

{32MB, Fritz9.ctg, CASTLEHILL} 1. d4 1... Nf6 2. c4 e6 3. Nc3 c5 4. d5 exd5 5.
cxd5 d6 6. e4 g6 7. f4 Bg7 8. Bb5+ Nfd7 9. a4 O-O 10. Nf3 Na6 11. O-O Nb4 12.
Re1 a6 13. Bxd7 Qxd7 14. e5 Qf5 15. Re2 Nd3 16. Nh4 Qg4 17. Qxd3 Qxh4 18. e6 f5
19. g3 Qe7 20. Be3 b6 21. Rd1 Bb7 22. a5 Qc7 23. axb6 Qxb6 24. Na4 Qb4 25. b3
Rac8 26. Bd2 Bd4+ 27. Be3 Bg7 28. Rc2 Rfe8 29. Bf2 Bf6 30. Rc4 Qb5 31. Qc2 Rxe6
32. dxe6 Qc6 33. Kf1 Qh1+ 34. Ke2 Bf3+ 35. Kd2 Bxd1 36. Qxd1 Qd5+ 37. Kc2 Qxe6
38. Qe1 Qf7 39. Qd2 Rd8 40. Nc3 d5 41. Rxc5 d4 42. Nd1 d3+ 43. Kc1 Qxb3 44. Nc3
Be7 45. Ra5 Ba3+ 46. Rxa3 Qxa3+ 47. Kd1 a5 48. Qa2+ Qxa2 49. Nxa2 Kf7 50. Kd2
Ke6 51. Nc3 Rb8 52. Kxd3 Rb2 53. Bg1 Kd6 54. Kc4 Rg2 55. Bc5+ Ke6 56. Kb5 Rxh2
57. Kxa5 Rg2 58. Kb6 Rxg3 59. Bd4 h5 60. Ne2 Rg2 61. Ng1 Kd5 62. Be3 Ke4 63.
Bc5 Kxf4 64. Kc6 Ke4 65. Nh3 f4 66. Kd6 g5 67. Ke6 g4 68. Ng5+ Kd3 69. Kf5 f3
70. Ne4 g3 0-1

[Event "Dundee & Angus Challengers"]
[Site "?"]
[Date "2009.10.18"]
[Round "4"]
[White "Smith John S R"]
[Black "Edwards, Colin"]
[Result "1-0"]
[WhiteElo "1678"]
[BlackElo "1658"]
[Annotator ",Raymond"]
[PlyCount "45"]

{32MB, Fritz9.ctg, CASTLEHILL} 1. e4 1... c5 2. Nf3 d6 3. d4 cxd4 4. Nxd4 Nf6
5. Nc3 a6 6. Bg5 e6 7. f4 Be7 8. Qd2 Qc7 9. O-O-O b5 10. a3 Nbd7 11. Be2 Rb8
12. f5 Nc5 13. Bxf6 Bxf6 14. fxe6 fxe6 15. Bh5+ Ke7 16. Nf5+ Kf8 17. Nxd6 Bb7
18. Rhf1 e5 19. Rxf6+ gxf6 20. Rf1 Qg7 21. Nf7 Qxf7 22. Bxf7 Kxf7 23. Qd6 1-0

[Event "Dundee & Angus Challengers"]
[Site "?"]
[Date "2009.10.18"]
[Round "4"]
[White "Hall, David"]
[Black "Allor, Anthony"]
[Result "0-1"]
[WhiteElo "1761"]
[BlackElo "1800"]
[Annotator ",Raymond"]
[PlyCount "100"]

{32MB, Fritz9.ctg, CASTLEHILL} 1. d4 1... Nf6 2. c4 g6 3. Nc3 d5 4. Bf4 Bg7 5.
Qb3 c6 6. Nf3 O-O 7. e3 Qa5 8. Bd3 Nbd7 9. O-O dxc4 10. Bxc4 Nb6 11. Bxf7+ Rxf7
12. Ng5 e6 13. Nxf7 Kxf7 14. h3 Nfd5 15. Bd6 Nxc3 16. bxc3 Qd5 17. Bg3 Nc4 18.
e4 Qb5 19. Qd1 Qa5 20. Qf3+ Kg8 21. Rfd1 Bd7 22. Bh4 Re8 23. e5 Qd5 24. Qe2 b5
25. a4 a5 26. axb5 cxb5 27. Rd3 Bc6 28. f3 a4 29. Rdd1 Nb6 30. Rdb1 Qc4 31.
Qxc4 Nxc4 32. Kf2 Nb6 33. Ke2 Bd5 34. Bg5 Bf8 35. h4 a3 36. h5 h6 37. Bf6 a2
38. Rb2 Na4 39. Rc2 Bb3 40. Rd2 g5 41. f4 gxf4 42. g3 fxg3 43. Kf3 Bd5+ 44. Ke3
Nxc3 45. Kd3 Ne4 46. Rb2 Nxf6 47. exf6 b4 48. Rf1 Kf7 49. Rc2 Bd6 50. Rb2 g2
0-1

[Event "Dundee & Angus Challengers"]
[Site "?"]
[Date "2009.10.18"]
[Round "4"]
[White "Stevenson, Frank"]
[Black "McGovern, Patrick"]
[Result "0-1"]
[WhiteElo "1663"]
[BlackElo "1737"]
[Annotator ",Raymond"]
[PlyCount "102"]

{32MB, Fritz9.ctg, CASTLEHILL} 1. d4 1... Nf6 2. Nf3 d5 3. e3 Bf5 4. Bd3 Bxd3
5. Qxd3 Nbd7 6. Nbd2 e6 7. O-O Bd6 8. e4 dxe4 9. Nxe4 Nxe4 10. Qxe4 c6 11. Bg5
Nf6 12. Qh4 Be7 13. Rfe1 h6 14. Rad1 Qc7 15. Bxf6 Bxf6 16. Qe4 O-O-O 17. c4 Rd7
18. Re3 g5 19. Red3 Rhd8 20. h3 Rd6 21. b4 Qe7 22. b5 c5 23. d5 exd5 24. Qxe7
Bxe7 25. cxd5 Bf6 26. g4 Kc7 27. Kg2 b6 28. Kg3 Kb7 29. h4 R8d7 30. hxg5 hxg5
31. Kg2 c4 32. R3d2 c3 33. Rc2 Rxd5 34. Rb1 Rc5 35. Rb4 Rdd5 36. a4 Kc7 37. Kf1
a6 38. bxa6 Ra5 39. a7 Rxa7 40. Nd2 Rxd2 41. Rxd2 cxd2 42. Ke2 Ra5 43. Kxd2 Rc5
44. Ke3 Bc3 45. Re4 Re5 46. Rxe5 Bxe5 47. Ke4 f6 48. Kd5 Kb7 49. Kc4 Ka6 50.
Kb3 Bd4 51. f3 Ka5 0-1

[Event "Dundee & Angus Major"]
[Site "?"]
[Date "2009.10.17"]
[Round "1"]
[White "Freel, Lawrence"]
[Black "Dickson, Callum"]
[Result "1/2-1/2"]
[WhiteElo "1446"]
[BlackElo "1126"]
[Annotator ",Raymond"]
[PlyCount "88"]

{32MB, Fritz9.ctg, CASTLEHILL} 1. c4 1... e5 2. Nc3 Nf6 3. g3 g6 4. Bg2 Bg7 5.
Nf3 Nc6 6. O-O O-O 7. d3 d6 8. Rb1 Be6 9. b4 e4 10. Ng5 exd3 11. Nxe6 fxe6 12.
exd3 Rb8 13. Re1 Re8 14. a4 Qd7 15. Be3 Nh5 16. Qb3 a6 17. Re2 Bd4 18. Rbe1
Bxe3 19. Rxe3 Ng7 20. c5 Nd4 21. Qa2 b6 22. Ne4 Qe7 23. cxd6 cxd6 24. Bh3 Rbd8
25. Nd2 Rc8 26. Nf3 Nxf3+ 27. Rxf3 d5 28. Rfe3 Rc6 29. Qxd5 exd5 30. Rxe7 Rxe7
31. Rxe7 Rc1+ 32. Kg2 Rb1 33. a5 Rxb4 34. Be6+ Nxe6 35. Rxe6 bxa5 36. Rxa6 Rd4
37. Rxa5 Rxd3 38. Ra7 h6 39. Kf1 Rf3 40. Ke2 Rf7 41. Rxf7 Kxf7 42. Ke3 Ke6 43.
Kd4 g5 44. g4 Kd6 1/2-1/2

/2-1/2

[Event "Dundee & Angus Major"]
[Site "?"]
[Date "2009.10.17"]
[Round "1"]
[White "Morrison, George"]
[Black "Lyall, Duncan"]
[Result "1/2-1/2"]
[WhiteElo "1539"]
[BlackElo "1382"]
[Annotator ",Raymond"]
[PlyCount "43"]

{32MB, Fritz9.ctg, CASTLEHILL} 1. e4 1... g6 2. d4 d6 3. Nf3 Bg7 4. Be3 c5 5.
c3 Nf6 6. Bd3 cxd4 7. cxd4 Ng4 8. Bd2 Qb6 9. Bc3 e5 10. Bc2 Nc6 11. h3 Nxf2 12.
Kxf2 exd4 13. Nxd4 Nxd4 14. Ke1 Nxc2+ 15. Qxc2 Qe3+ 16. Qe2 Qxe2+ 17. Kxe2 O-O
18. Bxg7 Kxg7 19. Rd1 Re8 20. Nc3 b5 21. a3 Bb7 22. Rd4 1/2-1/2

/2-1/2

[Event "Dundee & Angus Major"]
[Site "?"]
[Date "2009.10.17"]
[Round "1"]
[White "Cassidy, Bernard"]
[Black "Pearson, Walter"]
[Result "1/2-1/2"]
[WhiteElo "1371"]
[BlackElo "1504"]
[Annotator ",Raymond"]
[PlyCount "56"]

{32MB, Fritz9.ctg, CASTLEHILL} 1. e4 1... e5 2. Nf3 Nc6 3. Bc4 Bc5 4. Nc3 Nf6
5. d3 O-O 6. O-O d6 7. h3 Na5 8. Bg5 c6 9. Qd2 Nxc4 10. dxc4 Be6 11. b3 Kh8 12.
Qe2 a6 13. Rad1 Qc7 14. Be3 Bb4 15. Bd2 Rad8 16. Nb1 Bc5 17. Bc1 Rd7 18. Nc3 h6
19. Rd3 Nh7 20. Be3 f5 21. Bxc5 dxc5 22. Rxd7 Bxd7 23. exf5 Bxf5 24. Qxe5 Qxe5
25. Nxe5 Bxc2 26. f4 Kg8 27. Rf2 Bf5 28. g4 Bc8 1/2-1/2

/2-1/2

[Event "Dundee & Angus Major"]
[Site "?"]
[Date "2009.10.16"]
[Round "1"]
[White "Chalmers, Martin"]
[Black "Bonnyman, Brian"]
[Result "1-0"]
[WhiteElo "1458"]
[BlackElo "1362"]
[Annotator ",Raymond"]
[PlyCount "95"]

{32MB, Fritz9.ctg, CASTLEHILL} 1. e4 1... g6 2. d4 Bg7 3. Nf3 c6 4. Nc3 d5 5.
e5 f6 6. Bd3 Nh6 7. O-O O-O 8. Re1 fxe5 9. Nxe5 Nf5 10. Ne2 Nd7 11. Bxf5 Rxf5
12. Ng3 Rf8 13. Bg5 Nxe5 14. dxe5 Qc7 15. Qe2 e6 16. c3 b6 17. h4 Qf7 18. h5 a5
19. hxg6 hxg6 20. Rad1 Ba6 21. Qe3 c5 22. Bf6 Rae8 23. Bxg7 Kxg7 24. Rd2 Qe7
25. Ne2 Rh8 26. Qg3 Rh4 27. Nf4 Rh6 28. Nh3 Reh8 29. f4 Qh4 30. Qxh4 Rxh4 31.
Ng5 Rh1+ 32. Kf2 Rxe1 33. Nxe6+ Kf7 34. Ng5+ Ke7 35. Kxe1 Rh1+ 36. Kf2 Ra1 37.
a3 Bc4 38. Kg3 Re1 39. Rf2 d4 40. cxd4 cxd4 41. Rd2 d3 42. Kf2 Rc1 43. Ke3 Re1+
44. Kd4 Rc1 45. Nf3 Rc2 46. g3 Ke6 47. Ke3 a4 48. Nd4+ 1-0

4+ 1-0

[Event "Dundee & Angus Major"]
[Site "?"]
[Date "2009.10.16"]
[Round "1"]
[White "Park, Frank"]
[Black "Gregory, Sam"]
[Result "0-1"]
[WhiteElo "1455"]
[BlackElo "1216"]
[Annotator ",Raymond"]
[PlyCount "98"]

{32MB, Fritz9.ctg, CASTLEHILL} 1. d4 1... Nf6 2. e3 g6 3. Bd3 d5 4. f4 Bg7 5.
Nf3 O-O 6. O-O Nbd7 7. Nbd2 c5 8. c3 e6 9. Qe1 Qc7 10. b3 b6 11. Bb2 Bb7 12.
Ne5 Rad8 13. Rc1 Qb8 14. Rf3 Nxe5 15. fxe5 Ne4 16. Bxe4 dxe4 17. Rf4 Qa8 18.
Qf2 h5 19. Rf1 Rd7 20. Rh4 cxd4 21. exd4 e3 22. Qxe3 Bxg2 23. Rf2 Bd5 24. Qg3
Qd8 25. Ba3 Re8 26. Ne4 Bxe4 27. Rxe4 Qa8 28. Ref4 Qb7 29. R4f3 Qe4 30. Rf1 Qb7
31. Bc1 Rf8 32. Bg5 b5 33. Bf6 Bh6 34. Qh4 Kh7 35. Bg5 Bg7 36. Bf6 Bh6 37. Qf2
a5 38. Bh4 Qe4 39. Bg3 Qb7 40. Rf6 Bg7 41. Rf3 Bh6 42. Qc2 Kg8 43. Bf4 Bg7 44.
Bg5 Qc7 45. Be3 Rc8 46. Rc1 Qc6 47. Kf2 Kh7 48. Rh3 Kg8 49. Bd2 Rxd4 0-1

d4 0-1

[Event "Dundee & Angus Major"]
[Site "?"]
[Date "2009.10.16"]
[Round "1"]
[White "Roy, Kiron"]
[Black "Cubitt, David"]
[Result "0-1"]
[WhiteElo "1041"]
[BlackElo "1435"]
[Annotator ",Raymond"]
[PlyCount "84"]

{32MB, Fritz9.ctg, CASTLEHILL} 1. e4 1... d6 2. Nf3 Nf6 3. Nc3 g6 4. Bc4 Bg4 5.
h3 Bxf3 6. Qxf3 e5 7. d3 Bg7 8. g4 O-O 9. h4 h5 10. gxh5 Nxh5 11. Qg4 Qd7 12.
Qxg6 d5 13. Bxd5 Qxd5 14. Nxd5 fxg6 15. Nxc7 Nc6 16. Nxa8 Rxa8 17. c3 Rd8 18.
Rh3 Kh7 19. Bg5 Rd7 20. O-O-O Rf7 21. Be3 Bh6 22. d4 Rxf2 23. Bxh6 Kxh6 24. d5
Nb8 25. d6 Nd7 26. Re1 Nf4 27. Rg3 Ne2+ 28. Rxe2 Rxe2 29. Rf3 Kg7 30. Rg3 Rf2
31. h5 Rf6 32. hxg6 Rxd6 33. Kc2 Nf8 34. c4 Rd4 35. Rd3 Rxc4+ 36. Kb3 Rxe4 37.
Rd1 Rd4 38. Rb1 Rd7 39. Re1 Nxg6 40. Kc3 Kf7 41. Rc1 Ne7 42. Rh1 Kg6 0-1

g6 0-1

[Event "Dundee & Angus Major"]
[Site "?"]
[Date "2009.10.16"]
[Round "1"]
[White "Robertson, Graeme"]
[Black "Harkins, William"]
[Result "0-1"]
[WhiteElo "1437"]
[BlackElo "1447"]
[Annotator ",Raymond"]
[PlyCount "104"]

{32MB, Fritz9.ctg, CASTLEHILL} 1. e4 1... c5 2. Nf3 d6 3. Nc3 Nf6 4. h3 a6 5.
Bc4 e6 6. a4 Be7 7. O-O Nc6 8. d4 cxd4 9. Nxd4 O-O 10. Be3 Qc7 11. Nxc6 bxc6
12. Qf3 d5 13. exd5 cxd5 14. Bb3 Bb7 15. Qd1 Qc6 16. f3 Nh5 17. Ne2 Bd6 18. Qd2
Rac8 19. Nd4 Qd7 20. Ne2 Bb8 21. g4 Nf6 22. Rf2 Be5 23. c3 Qc7 24. Bf4 Bxf4 25.
Nxf4 Rfd8 26. Rd1 Nd7 27. Bc2 Qb6 28. Kf1 Ne5 29. b3 a5 30. Nd3 Ba6 31. Kg2
Bxd3 32. Bxd3 Nxd3 33. Qxd3 Qxb3 34. Rc1 Qxa4 35. Rfc2 Qc4 36. Qd2 Ra8 37. Ra2
Rdb8 38. Rcc2 g6 39. Qe3 Rb1 40. Re2 a4 41. Qd2 Qc5 42. Rf2 Qc4 43. Re2 Rab8
44. Qc2 R8b3 45. Re3 Qf1+ 46. Kg3 Qg1+ 47. Kf4 g5+ 48. Ke5 Qxe3+ 49. Kd6 Rb6+
50. Kd7 Rb7+ 51. Kc8 Qc5+ 52. Kd8 Qf8# 0-1

8# 0-1

[Event "Dundee & Angus Major"]
[Site "?"]
[Date "2009.10.16"]
[Round "1"]
[White "Bridges, David"]
[Black "Atkins, Graham"]
[Result "1-0"]
[WhiteElo "1307"]
[BlackElo "1455"]
[Annotator ",Raymond"]
[PlyCount "124"]

{32MB, Fritz9.ctg, CASTLEHILL} 1. e4 1... g6 2. d4 Bg7 3. e5 d6 4. f4 dxe5 5.
fxe5 Nc6 6. c3 Nh6 7. h3 O-O 8. Nf3 e6 9. Bg5 Qd7 10. Bd3 Nf5 11. Bxf5 exf5 12.
Nbd2 b6 13. Nc4 Re8 14. O-O Bb7 15. Qd2 Rad8 16. Bxd8 Rxd8 17. Rad1 Ne7 18. Qe3
Nd5 19. Qd2 f4 20. Rde1 b5 21. Na5 Ba6 22. Nb3 Bf8 23. Rf2 Bb7 24. Nc1 c5 25.
Nd3 cxd4 26. Nxd4 g5 27. Rfe2 Ne3 28. Rxe3 fxe3 29. Qxe3 h6 30. e6 fxe6 31.
Qxe6+ Qxe6 32. Rxe6 a6 33. a3 Kf7 34. Ne5+ Kg8 35. Rg6+ Kh7 36. Rf6 Bg7 37. Rf7
Bc8 38. Nec6 Rd7 39. Rxd7 Bxd7 40. Nb8 Bc8 41. Ndc6 Bf6 42. Nb4 a5 43. N4c6 a4
44. Nd4 Bxd4+ 45. cxd4 Kg6 46. Kf2 Kf5 47. Ke3 Bb7 48. g4+ Ke6 49. Kd3 Kd6 50.
Kc3 Bg2 51. Kb4 Bf1 52. Na6 Bxh3 53. Kxb5 Bxg4 54. Kxa4 Bd7+ 55. Kb4 g4 56. Nc5
g3 57. Ne4+ Kd5 58. Nxg3 Kxd4 59. Nh5 Bg4 60. Ng7 Be2 61. Nf5+ Kd3 62. Nxh6 Kc2
1-0

2
1-0

[Event "Dundee & Angus Major"]
[Site "?"]
[Date "2009.10.17"]
[Round "2"]
[White "Noble, Ray"]
[Black "Cassidy, Bernard"]
[Result "1-0"]
[WhiteElo "1466"]
[BlackElo "1371"]
[Annotator ",Raymond"]
[PlyCount "75"]

{32MB, Fritz9.ctg, CASTLEHILL} 1. e4 1... e5 2. Nf3 Nc6 3. Bc4 Bc5 4. O-O Nf6
5. d4 exd4 6. e5 O-O 7. exf6 Qxf6 8. Re1 d6 9. h3 Be6 10. Bg5 Qg6 11. Bd3 Qh5
12. Bf4 Rae8 13. Ng5 Qxd1 14. Rxd1 h6 15. Nh7 Ne5 16. Bxe5 dxe5 17. Nxf8 Kxf8
18. Nd2 Bd5 19. Be4 c6 20. a3 Bb6 21. Bxd5 cxd5 22. Nf3 f6 23. Rac1 Rc8 24. Kf1
Ke7 25. c3 dxc3 26. Rxc3 Rxc3 27. bxc3 Kd6 28. c4 d4 29. Nd2 Kc5 30. Ke2 Ba5
31. Nb3+ Kb6 32. Nxa5 Kxa5 33. Kd3 Ka4 34. c5 Kb5 35. Rc1 Kc6 36. a4 Kc7 37. f3
Kd7 38. f4 1-0

f4 1-0

[Event "Dundee & Angus Major"]
[Site "?"]
[Date "2009.10.17"]
[Round "2"]
[White "Gregory, Sam"]
[Black "Chalmers, Martin"]
[Result "1/2-1/2"]
[WhiteElo "1216"]
[BlackElo "1458"]
[Annotator ",Raymond"]
[PlyCount "39"]

{32MB, Fritz9.ctg, CASTLEHILL} 1. d4 1... Nf6 2. c4 e5 3. dxe5 Ng4 4. Nf3 Nc6
5. Bf4 Bb4+ 6. Nbd2 Qe7 7. a3 Bc5 8. e3 Ngxe5 9. Bxe5 Nxe5 10. b4 Bd6 11. Nd4
Qd8 12. Ne4 Be7 13. Nf5 O-O 14. f4 Ng6 15. Qd4 f6 16. g4 d6 17. h4 Re8 18. h5
Nf8 19. h6 Ne6 20. Qc3 1/2-1/2

/2-1/2

[Event "Dundee & Angus Major"]
[Site "?"]
[Date "2009.10.17"]
[Round "2"]
[White "Harkins, William"]
[Black "Bridges, David"]
[Result "1-0"]
[WhiteElo "1447"]
[BlackElo "1307"]
[Annotator ",Raymond"]
[PlyCount "61"]

{32MB, Fritz9.ctg, CASTLEHILL} 1. d4 1... d5 2. Nf3 Nf6 3. e3 c5 4. b3 e6 5.
Bd3 Nbd7 6. Bb2 b6 7. O-O Bb7 8. Nbd2 Bd6 9. Ne5 Qc7 10. f4 Ne4 11. Bxe4 dxe4
12. Rc1 O-O 13. g4 Nxe5 14. fxe5 Be7 15. Qe1 f6 16. h4 h6 17. Qg3 fxe5 18. dxc5
Qxc5 19. Bxe5 Rxf1+ 20. Nxf1 Rf8 21. g5 hxg5 22. hxg5 Rf5 23. Bd4 Qa5 24. Qb8+
Rf8 25. Qxb7 Qxg5+ 26. Kh1 Qh5+ 27. Nh2 Rf2 28. Qb8+ Kh7 29. Rg1 Bf6 30. Bxf6
Rxf6 31. Qb7 1-0

b7 1-0

[Event "Dundee & Angus Major"]
[Site "?"]
[Date "2009.10.17"]
[Round "2"]
[White "Clark, Alex"]
[Black "Freel, Lawrence"]
[Result "1-0"]
[WhiteElo "1308"]
[BlackElo "1446"]
[Annotator ",Raymond"]
[PlyCount "77"]

{32MB, Fritz9.ctg, CASTLEHILL} 1. e4 1... d6 2. f4 Nf6 3. Nc3 c6 4. Nf3 Bg4 5.
h3 Bh5 6. g4 Bxg4 7. hxg4 Nxg4 8. Ng5 Nf6 9. d3 h6 10. Be3 e5 11. fxe5 dxe5 12.
Nf3 Nbd7 13. Bh3 Qa5 14. Bxd7+ Nxd7 15. a3 Nf6 16. Qd2 O-O-O 17. Qg2 Rg8 18.
Ke2 Qc7 19. Raf1 Kb8 20. Nxe5 Ka8 21. Nc4 Bd6 22. Nxd6 Qxd6 23. Rhg1 Qe6 24.
Rf5 g6 25. Rf3 h5 26. Qf2 Ng4 27. Qg2 Nxe3 28. Rxe3 Rge8 29. b4 Qe5 30. Kd2 c5
31. Qg5 cxb4 32. Qxe5 Rxe5 33. axb4 g5 34. Nd5 g4 35. Rf1 Rd7 36. Nf6 Rde7 37.
Rf5 Rxf5 38. exf5 Rxe3 39. Kxe3 1-0

e3 1-0